00329nam a2200109Ia 4500008004100000082002000041100002600061245002500087260003700112630001800149650005200167211109s9999||||xx |||||||||||||| ||und|| a894.8124bKUT-B aKuttikrishna Marrar,  0aBharatha Pariyadanam bRani Book StallaKozhikodec1959 xGeneral Stack aMalayalam LiteraturevMalayalam EssaysGeneralia